000 00429cam a22001457a 4500
008 180718b1995 xxu||||| |||| 00| 0 eng d
082 _aT254 C362s (N)
100 _aChang, Richard Y.
245 _aStep-by-step problem solving
_cby Richard Y. Chang and P. Keith Kelly
260 _aLondon
_bKogan Page
_c1995
300 _a106p.
440 _aQuality improvement series
650 _aQuality control
700 _aKelly, P. Keith
999 _c379175
_d379175